000 01082nam a22003497a 4500
001 BR7804317
003 BR-BrBNA
005 20230928085640.0
007 ta
008 230509b bl.||||| |||| 00| 0 por d
040 _aBR-BrBNA
_bpor
_cBiblioteca Nacional de Agricultura
041 _a(Por)
072 _aM10
_b8310
_b/G514
090 _ 8310 BR7804317
100 1 _aMonteiro, J.L.
100 1 _aSilva, O.P. da
110 1 _aMinisterio do Interior, Brasilia, DF (Brasil)
_97113
245 1 _aDe uma pesquisa sobre a pesca do camarao canela (macrobrachium amazonicus)no acude publico Romulo Campos Itiuba - Bahia - Brasil [Captura; Equipamento pesqueiro]
260 3 _aIlheus, BA (Brasil):
_bComissao Executiva do Plano da Lavoura Cacaueira,
_c1978.
300 _a10 p.
500 _aSummaries (Eng, Por)
650 _aProducao pesqueira
650 _aCamarao
650 _aCaptura
650 _aEquipamento pesqueiro
650 _aTarrafa
650 _aCovo
650 _aAcude
650 _aBahia
909 _a202309
_bLucia
_c55
_dLucia Elande
942 _cBK
999 _c25583
_d25583